000 00285nam a22001337a 4500
008 181217b xxu||||| |||| 00| 0 eng d
020 _a0136273157
041 _aeng
080 _a510
100 _a36
101 _aMAT
245 _aNumerical Methods
_cAnderson,N
942 _2udc
_cBK
999 _c53325
_d53325